01235nab a22002177a 4500999001500000003000400015005001700019008004100036040000700077100003000084245011900114300001500233500003700248505033700285505012700622650002800749650003600777650003500813773015600848942001301004 c6220d6220OSt20260126010234.0190514b xxu||||| |||| 00| 0 spa d cPJ 95660aZuccarini, Ayelén10a Personas con discapacidad y sistemas de apoyo :buna intersección en (re)construcción /cAyelén Zuccarini.  ap. 140-146 aCita: TR LALEY AR/DOC/2111/2024. aSumario: I. Introducción.— II. Plataforma fáctica.— III. Ayer, hoy y mañana en el abordaje de la salud mental.— IV. Los apoyos desde una mirada sistémica.— V. Presencias con potencial transformador y ausencias destacables: el papel de abogadxs y magistradxs con perspectiva de derechos humanos.— VI. Conclusiones.  tFallo comentado: JPaz, Mendoza ~ 12/04/2024 ~ ETI c. la adolescente A. G. X. s/ medida excepcional (control de legalidad). 09967aDERECHO DE FAMILIA 093271aPERSONAS CON DISCAPACIDAD 091057aJURISPRUDENCIA APLICABLE0 0284493222dBuenos Aires : AbeledoPerrot, 1989-tDerecho de familia. Revista Interdisciplinaria de doctrina y jurisprudencia. Octubre 2024-V.z18511201 2udccANA